Calidad de la enseñanza e investigación-acción

Salvato in:
Dettagli Bibliografici
Autore principale: Carr, Wilfred (Autore)
Natura: Libro
Lingua:spagnolo
Pubblicazione: Sevilla Díada 1998
Edizione:3a. ed
Serie:Colección Investigación y Enseñanza. Serie Fundamentos, 3
Soggetti:
Tags: Aggiungi Tag
Nessun Tag, puoi essere il primo ad aggiungerne!!

MARC

LEADER 00000nam a2200000 a 4500
001 UCM6330
003 CL-VaPUC
008 021108e19980700SP |||||||||||||||||spa|d
082 0 4 |a 370.7  |b CAR  |2 21 
100 0 |a Carr, Wilfred  |e author  |9 472113 
245 1 0 |a Calidad de la enseñanza e investigación-acción 
250 |a 3a. ed 
300 |a 190 p 
942 |c BK 
945 |d 20021108 00:00:00  |a vberengu 
260 |a Sevilla  |b Díada  |c 1998 
650 0 |a Formación profesional de profesores  |9 307493 
650 0 |a Docentes  |9 311365 
650 0 |a Calidad de la educación   |9 307271 
650 0 |a Investigación educacional   |9 261192 
583 |a last modification  |c 20021108 00:00:00  |k Rodrigo Vera 
490 0 |a Colección Investigación y Enseñanza. Serie Fundamentos, 3 
999 |c 301741  |d 301739 
952 |0 0  |1 0  |4 0  |6 370_700000000000000_CAR_1998  |7 0  |8 A  |9 361296  |a BIBTEO  |b BIBTEO  |d 2019-11-21  |i 3848183  |o 370.7 CAR 1998  |p 3848183  |r 2025-01-17  |w 2019-11-21  |y BK  |k ICR